Réhabilitation d’une médecine traditionnelle et recompositions identitaires (notice n° 1617614)
[ vue normale ]
| 000 -LEADER | |
|---|---|
| fixed length control field | 00693cam a2200157 4500500 |
| 005 - DATE AND TIME OF LATEST TRANSACTION | |
| control field | 20260111085053.0 |
| 041 ## - LANGUAGE CODE | |
| Language code of text/sound track or separate title | fre |
| 042 ## - AUTHENTICATION CODE | |
| Authentication code | dc |
| 100 10 - MAIN ENTRY--PERSONAL NAME | |
| Personal name | Homan, Sophie |
| Relator term | author |
| 245 00 - TITLE STATEMENT | |
| Title | Réhabilitation d’une médecine traditionnelle et recompositions identitaires |
| 260 ## - PUBLICATION, DISTRIBUTION, ETC. | |
| Date of publication, distribution, etc. | 2009.<br/> |
| 500 ## - GENERAL NOTE | |
| General note | 14 |
| 520 ## - SUMMARY, ETC. | |
| Summary, etc. | Présentées comme extrémistes, les familles juives installées dans les implantations des Territoires occupés depuis 1967 ne se considèrent pas comme des colons. |
| 786 0# - DATA SOURCE ENTRY | |
| Note | Les Cahiers de l'Orient | 95 | 3 | 2009-08-04 | p. 145-155 | 0767-6468 |
| 856 41 - ELECTRONIC LOCATION AND ACCESS | |
| Uniform Resource Identifier | <a href="https://shs.cairn.info/revue-les-cahiers-de-l-orient-2009-3-page-145?lang=fr&redirect-ssocas=7080">https://shs.cairn.info/revue-les-cahiers-de-l-orient-2009-3-page-145?lang=fr&redirect-ssocas=7080</a> |
Pas d'exemplaire disponible.




Réseaux sociaux